D04_Bリーグ所属チームのマスコット - Statistics

General Stats
  • This quiz has been taken 9 times
  • The average score is 20 of 50
Answer Stats
リーグ・地区 クラブ マスコット % Correct
B1東地区 越谷アルファーズ アルファマン
80%
B1東地区 千葉ジェッツ ジャンボくん
80%
B1東地区 アルバルク東京 ルーク
80%
B1東地区 レバンガ北海道 レバード
60%
B1東地区 茨城ロボッツ ロボスケ
60%
B1東地区 宇都宮ブレックス ブレッキー
60%
B1西地区 京都ハンナリーズ はんニャリン
60%
B1東地区 仙台89ERS ティナ
40%
B1東地区 秋田ノーザンハピネッツ ビッキー
40%
B1東地区 群馬クレインサンダーズ サンダくん
40%
B1東地区 サンロッカーズ渋谷 サンディー
40%
B1東地区 川崎ブレイブサンダース ロウル
40%
B1東地区 横浜ビー・コルセアーズ コルス
40%
B1西地区 富山グラウジーズ グラッキー
40%
B1西地区 三遠ネオフェニックス ダンカー
40%
B1西地区 シーホース三河 シーホースくん
40%
B1西地区 ファイティングイーグルス名古屋 リードくん
40%
B1西地区 名古屋ダイヤモンドドルフィンズ ディーディー
40%
B1西地区 滋賀レイクス マグニー
40%
B1西地区 大阪エヴェッサ まいどくん
40%
B1西地区 島根スサノオマジック すさたまくん
40%
B1西地区 広島ドラゴンフライズ モヒカンアビィ
40%
B1西地区 佐賀バルーナーズ バルたん
40%
B1西地区 琉球ゴールデンキングス ゴーディー
40%
B2東地区 青森ワッツ クイッキー・デッチ
40%
B2東地区 山形ワイヴァンズ ヴァンゴー
40%
B2東地区 福島ファイヤーボンズ ボンズくん
40%
B2東地区 信州ブレイブウォリアーズ ブレアー
40%
B2西地区 ベルテックス静岡 ベルディ
40%
B2西地区 神戸ストークス ストーキー
40%
B2西地区 バンビシャス奈良 シカッチェ
40%
B2西地区 愛媛オレンジバイキングス バルト
40%
B2西地区 ライジングゼファー福岡 神くん
40%
B2西地区 熊本ヴォルターズ ぼるたん
40%
B2西地区 鹿児島レブナイズ れぶにゃん
40%
B3 東京ユナイテッドバスケットボールクラブ ユナイト
40%
B3 立川ダイス たっちー
40%
B3 新潟アルビレックスBB アルード
40%
B2東地区 福井ブローウィンズ BOOZ
40%
B2東地区 岩手ビッグブルズ BULLZO
40%
B1西地区 長崎ヴェルカ LUCA
40%
B2東地区 横浜エクセレンス Pick
40%
B3 東京八王子ビートレインズ トレンチー
20%
B3 金沢武士団 ライゾウ
20%
B3 岐阜スゥープス スパーキー
20%
B3 ヴィアティン三重 ヴィアくん
20%
B3 トライフープ岡山 トライプ
20%
B3 徳島ガンバロウズ バロウ
20%
B3 香川ファイブアローズ 神破命
20%
B3 しながわシティバスケットボールクラブ Sheena
20%
No matching quizzes found
Score Distribution
Percent of People with Each Score
Percentile by Number Answered
Your Score History
You have not taken this quiz